Catalog

Record Details

Catalog Search



Die Wahrheit ist konkret  Cover Image Book Book

Die Wahrheit ist konkret / Dorothee Sölle

Sölle, Dorothee (Author).

Record details

  • Physical Description: 129 S.
  • Edition: 3. Aufl.
  • Publisher: Olten Walter-Verlag 1967

Available copies

  • 1 of 1 copy available at Common Catalog SPOK.

Holds

  • 0 current holds with 1 total copy.
Show All Copies
Location Call Number / Copy Notes Barcode Shelving Location Status Due Date
ETS Library 230.044 424470002397 Volný výběr Available -

LDR 00617nam a2 00241
00144017
003CZ-PrJAB
00520040309000000.0
008030403s1967 xr e |||| |ger
009ge
035 . ‡a(CONS)10009
035 . ‡aKPS11371
040 . ‡aABG450
041 . ‡ager
08214. ‡a230.044
100 . ‡73870 ‡aSölle, Dorothee
245 . ‡aDie Wahrheit ist konkret / ‡cDorothee Sölle
250 . ‡a3. Aufl.
260 . ‡aOlten ‡bWalter-Verlag ‡c1967
300 . ‡a129 S.
653 . ‡aDie Wahrheit ist konkret
8524 . ‡bETS ‡bETS ‡cVolný výběr ‡j230.044 ‡gA ‡p424470002397
910 . ‡aABG450
999 . ‡a10009 ‡bAUTOGEN ‡c10009 ‡tbiblio
905 . ‡uadmin
901 . ‡a44017 ‡b ‡c44017 ‡tbiblio ‡sets

Additional Resources